| 000 | 00906nam a22003017a 4500 | ||
|---|---|---|---|
| 001 | 9895 | ||
| 003 | FISKH | ||
| 005 | 20260312134126.0 | ||
| 008 | 260312b cb ||||| |||| 00| 0 eng d | ||
| 020 | _a9780861630813 | ||
| 040 |
_aFISKH _beng _cFISKH _dFISKH |
||
| 050 | _aPZ7 | ||
| 082 | _a823.92 | ||
| 100 |
_aCloke, Rene _eAuthor |
||
| 245 |
_aThe adventure of Tom Thumb / _cIllustrated by Rene Cloke |
||
| 260 |
_aLondon : _bAward Publications , _c1983 |
||
| 300 |
_a25 pages : _bcolor illustrations ; _c16 cm |
||
| 490 | _aThe butterfly story books : | ||
| 505 | _aG | ||
| 520 | _aTwelve classic fairy tales, beautifully illustrated by Rene Cloke. | ||
| 521 | 8 |
_a350
_bLexile estimate |
|
| 521 | 8 |
_aG
_bRaz-Plus |
|
| 650 |
_aFairy stories _vFairy tale |
||
| 650 |
_aClassic stories _vAdventure |
||
| 700 |
_aCloke, Rene _eIllustrator |
||
| 942 |
_2ddc _cBK _n0 |
||
| 999 |
_c9895 _d9895 |
||